03873nmm a22004097a 4500003000400000005001700004008004100021020001800062040000700080245011800087260004300205300001900248310001400267362001700281505011900298505014300417505018400560505009000744505015100834505019700985505025801182505012401440505016401564505015301728505021701881505020402098505017802302505012002480505017802600505017902778505019802957505010003155650002003255650004303275700003903318856010603357OSt20260325094102.0191018e xxu|||||o||d| 00| 0 spa d a9789507277658 cPJ10aRevista Laboral :baplicación judicial de las normas internacionales del trabajo /cMario E. Ackerman director. aSanta Fé :bRubinzal Culzoni,c2025. a680 p.c22 cm. asemestral aNo.1 (2025)  tAplicación judicial de las normas internacionales del trabajo en la experiencia comparada /r Mario E. Ackerman. tLa corte interamericana de derechos humanos “laboral”: autonomía y justiciabilidad directa del derecho del trabajo /rCésar Arese. tIgualdad de oportunidades y de trato: derivaciones de los principios de igualdad y no discriminación. jurisprudencia de la corte suprema nacional /r Teresita N. Saracho Cornet. tDiscriminación en razón de género /r Verónica Nuguer y María Fabiana Sosa. tLa aplicación por los tribunales argentinos de instrumentos internacionales en materia de responsabilidades familiares /rLiliana Hebe Litterio. tLa jornada de trabajo y el tiempo de descanso en las normas internacionales y su aplicación en el derecho interno desde la perspectiva de las decisiones judiciales /rSilvia E. Pinto Varela. tLas normas internacionales y su aplicación al derecho interno (argentina) desde la perspectiva de las decisiones judiciales - la edad para trabajar: convenios oit 138 y 182. recomendaciones 146 y 190 /rMaría Lucila Franzosi y María Dolores Ortiz. tReflexiones sobre el convenio 158 de la oit y sus efectos en el sistema jurídico y social argentino /rJorge Elías. tLa protección del crédito laboral frente a la insuficiencia patrimonial, los convenios de la oit, sus recomendaciones y perspectivas /r Aníbal Cuadrado. tLa seguridad y la salud en el trabajo: convenios oit nº 155, 161 y 187. protocolo nº 155. recomendaciones nº 164, 194 y 197 /r Martín Morelli. tEl régimen de riesgos del trabajo de las leyes 24.557, 26.773 y 27.348 frente a las normas de carácter internacional y la jurisprudencia de la corte suprema de justicia de la nación /r Miguel Ángel Maza. tEmpleo público. convenio oit nº 151. recomendación nº 159. la problemática de las condiciones de trabajo en las relaciones laborales en el sector público /r Diego Marcelo Ledesma Iturbide. tLa corte suprema inaugura el modelo de representación dual argentino de los trabajadores en la empresa - comentario sobre el fallo “sutepa” /r Héctor Omar García. tLas normas internacionales y su aplicación a la representación sindical en la empresa /r Raúl Horacio Ojeda. tLas normas internacionales y su aplicación al derecho interno desde la perspectiva de las decisiones judiciales en materia de negociación colectiva /rHoracio Las Heras. tLas normas internacionales referentes a la seguridad social y su aplicación al derecho interno desde la perspectiva de las decisiones judiciales /r Graciela E. Cipolletta. tEscenarios de “hipervulnerabilidad” en el derecho del trabajo a la luz de las decisiones judiciales que receptan las normas internacionales sobre tutela judicial efectiva /r Diego J. Tula. tSíntesis de jurisprudencia /rr Diego Rodrigo Guirado - Colaborador: Nahuel Nehuen Espinillo. 0aDERECHO LABORAL 0aORGANIZACION INTERNACIONAL DEL TRABAJO aAckermann, Mario Eduardoedirector uhttps://www.rubinzal.com.ar/revistas/revista-de-derecho-laboral/5/?menupc=1yRevista Derecho Laboral